000 00276nam a22001217a 4500
008 170612b xxu||||| |||| 00| 0 eng d
041 _aeng
080 _a328
100 _a19
101 _aSHP
245 _aTHE BRITISH SYSTEM OF GOVERNMENT
_cBIRCH.A.H
942 _2udc
_cBK
999 _c17055
_d17055